[Event "42nd Bosna it"]
[Site "Sarajevo YUG"]
[Date "2012.05.06"]
[Round "3.20"]
[White "Mestrovic, Zvonimir"]
[Black "Kharmunova, Nadezhda"]
[Result "1-0"]
[WhiteElo "2357"]
[BlackElo "2227"]
[EventDate "2012.05.05"]
[PlyCount "79"]

1.e4 c6 2.d4 d5 3.e5 Bf5 4.Ne2 e6 5.Ng3 Bg6 6.h4 h5 7.Be2 c5 8.dxc5 Bxc5 
9.Nd2 Nc6 10.Nb3 Be7 11.Bxh5 Bxh5 12.Nxh5 g6 13.Nf4 Qc7 14.h5 Qxe5+ 15.Qe2
Qxe2+ 16.Kxe2 Nf6 17.h6 O-O-O 18.Nd3 Ne4 19.Bf4 g5 20.Be3 Rh7 21.Nd4 Kb8 
22.Rh3 Nxd4+ 23.Bxd4 f6 24.f3 Nd6 25.Rd1 Nf5 26.Bc5 Bxc5 27.Nxc5 Rxh6 28.
Rxh6 Nxh6 29.Rh1 Nf5 30.Rh7 Rc8 31.Nd7+ Ka8 32.Kd3 Nh4 33.Nc5 Nxg2 34.Nxe6
Ne1+ 35.Ke2 Re8 36.Kf2 Kb8 37.Nd4 g4 38.fxg4 Re4 39.Nb5 b6 40.Rh8+ 1-0

[Event "42nd Bosna it"]
[Site "Sarajevo YUG"]
[Date "2012.05.07"]
[Round "4.1"]
[White "Kovacevic, Aleksandar"]
[Black "Melkumian, Hrant"]
[Result "0-1"]
[WhiteElo "2557"]
[BlackElo "2642"]
[EventDate "2012.05.05"]
[PlyCount "128"]

1.e4 e5 2.Nf3 Nc6 3.Bb5 a6 4.Bxc6 dxc6 5.O-O Bg4 6.h3 h5 7.d3 Qf6 8.Nbd2 
Ne7 9.Re1 Ng6 10.d4 Nf4 11.hxg4 hxg4 12.g3 gxf3 13.Qxf3 Ne6 14.dxe5 Qxe5 
15.Nb3 Bd6 16.c3 O-O-O 17.Be3 g6 18.Kg2 Rde8 19.Rh1 Rhf8 20.Bh6 Rg8 21.
Qxf7 Qxe4+ 22.Qf3 Qxf3+ 23.Kxf3 g5 24.Rh5 Rg6 25.Kg4 Rh8 26.Rah1 Be7 27.f3
Nd8 28.Re1 Bf6 29.Bg7 Bxg7 30.Rxh8 Bxh8 31.Re8 Bf6 32.Nc5 Rg7 33.Ne6 Rf7 
34.Rg8 Kd7 35.Nxg5 Bxg5 36.Rxg5 Ne6 37.Rh5 Rg7+ 38.Kh4 Ke7 39.f4 Kf6 40.g4
Nf8 41.Rf5+ Ke7 42.Re5+ Kf7 43.Kg3 Nd7 44.Re2 Kf6 45.Rh2 Re7 46.Kf3 Re1 
47.Rh7 Rd1 48.g5+ Kf5 49.Rf7+ Ke6 50.g6 Nf6 51.f5+ Kxf5 52.g7 Rd3+ 53.Ke2 
Rg3 54.Kf2 Rg6 55.Rxc7 Ne4+ 56.Ke2 Nd6 57.c4 Ke6 58.c5 Nf5 59.Rxb7 Rxg7 
60.Rb6 Kd5 61.Kd3 Rg3+ 62.Kd2 Rg2+ 63.Kc3 Nd4 64.Rb8 Nb5+ 0-1

[Event "42nd Bosna it"]
[Site "Sarajevo YUG"]
[Date "2012.05.07"]
[Round "4.2"]
[White "Kozul, Zdenko"]
[Black "Erdos, Viktor"]
[Result "1/2-1/2"]
[WhiteElo "2593"]
[BlackElo "2624"]
[EventDate "2012.05.05"]
[PlyCount "40"]

1.d4 Nf6 2.c4 g6 3.Nc3 d5 4.Nf3 Bg7 5.cxd5 Nxd5 6.e4 Nxc3 7.bxc3 c5 8.Be3 
Qa5 9.Qd2 Nc6 10.Rc1 cxd4 11.cxd4 Qxd2+ 12.Kxd2 O-O 13.Bb5 f5 14.exf5 Bxf5
15.Ke2 Be6 16.Bc4 Bxc4+ 17.Rxc4 Rad8 18.Rb1 Rd7 19.Rb5 Rfd8 20.g3 a6 
1/2-1/2

[Event "42nd Bosna it"]
[Site "Sarajevo YUG"]
[Date "2012.05.07"]
[Round "4.3"]
[White "Ipatov, Alexander"]
[Black "Banusz, Tamas"]
[Result "1-0"]
[WhiteElo "2561"]
[BlackElo "2582"]
[EventDate "2012.05.05"]
[PlyCount "69"]

1.c4 Nf6 2.Nc3 e5 3.Nf3 Nc6 4.d4 exd4 5.Nxd4 Bc5 6.Nxc6 bxc6 7.g3 O-O 8.
Bg2 Re8 9.O-O Rb8 10.Qc2 Ba6 11.b3 Bf8 12.e4 d6 13.Bb2 g6 14.Rad1 Bg7 15.
Rfe1 Nd7 16.f4 Qe7 17.Qf2 Bb7 18.Na4 Bxb2 19.Qxb2 c5 20.Nc3 a6 21.e5 Bxg2 
22.Qxg2 Nb6 23.Qc6 Qd7 24.Qxd7 Nxd7 25.exd6 Rxe1+ 26.Rxe1 cxd6 27.Rd1 Rb6 
28.Ne4 f5 29.Rxd6 Rxd6 30.Nxd6 Nf6 31.Kf2 Kf8 32.Ke3 Ke7 33.Nb7 Ne4 34.a3 
Kd7 35.b4 1-0

[Event "42nd Bosna it"]
[Site "Sarajevo YUG"]
[Date "2012.05.07"]
[Round "4.4"]
[White "Postny, Evgeny"]
[Black "Stojanovic, Dalibor"]
[Result "1-0"]
[WhiteElo "2651"]
[BlackElo "2485"]
[EventDate "2012.05.05"]
[PlyCount "89"]

1.d4 d5 2.c4 c6 3.Nf3 Nf6 4.Nc3 dxc4 5.a4 Bf5 6.e3 e6 7.Bxc4 Bb4 8.O-O O-O
9.Qe2 Bg4 10.h3 Bxf3 11.Qxf3 Nbd7 12.Rd1 Rc8 13.Qe2 Qe7 14.Bb3 e5 15.dxe5 
Qxe5 16.Bc2 Nb6 17.e4 Bxc3 18.bxc3 Rfe8 19.f4 Qxc3 20.Ra3 Qc4 21.Bd3 Qc5+ 
22.Kh2 Nbd5 23.e5 Nxf4 24.Bxf4 Qxa3 25.Qf3 Qe7 26.exf6 Qxf6 27.Qg3 Qe6 28.
Bc2 c5 29.Rd6 Qe7 30.Qd3 g6 31.Rd7 Qf6 32.Qg3 c4 33.Rxb7 Re2 34.Bd1 Re4 
35.Bd6 Qf1 36.Bf3 Re6 37.Bd5 Rf6 38.Be5 Rf5 39.Be4 Rf2 40.Qg5 Qe2 41.Rc7 
Rf8 42.Bd4 Qxe4 43.Bxf2 c3 44.Rxc3 Qxa4 45.Qf6 1-0

[Event "42nd Bosna it"]
[Site "Sarajevo YUG"]
[Date "2012.05.07"]
[Round "4.5"]
[White "Yilmaz, Mustafa"]
[Black "Palac, Mladen"]
[Result "1/2-1/2"]
[WhiteElo "2536"]
[BlackElo "2604"]
[EventDate "2012.05.05"]
[PlyCount "78"]

1.c4 Nf6 2.Nc3 e5 3.Nf3 Nc6 4.a3 d5 5.cxd5 Nxd5 6.e4 Nf4 7.d3 Bg4 8.h3 
Bxf3 9.Qxf3 Nd4 10.Qd1 c6 11.Rb1 Be7 12.g3 Nfe6 13.Bg2 O-O 14.O-O a5 15.
Kh1 b5 16.Be3 a4 17.f4 Nb3 18.fxe5 Bc5 19.Bf4 Ra7 20.Qe2 Rd7 21.Rbd1 Bd4 
22.Na2 Qc7 23.Nb4 Bxe5 24.Bxe5 Qxe5 25.Nxc6 Qxg3 26.Nb4 Ned4 27.Qf2 Qe5 
28.Qf4 f6 29.Nd5 Re8 30.Qh4 Rd6 31.Rf2 h6 32.Rg1 Qg5 33.Qf4 Qxf4 34.Nxf4 
Rc8 35.e5 fxe5 36.Bd5+ Kh7 37.Be4+ Kg8 38.Bd5+ Kh7 39.Be4+ Kg8 1/2-1/2

[Event "42nd Bosna it"]
[Site "Sarajevo YUG"]
[Date "2012.05.07"]
[Round "4.6"]
[White "Lajthajm, Borko"]
[Black "Nabaty, Tamir"]
[Result "0-1"]
[WhiteElo "2493"]
[BlackElo "2553"]
[EventDate "2012.05.05"]
[PlyCount "60"]

1.d4 Nf6 2.c4 g6 3.Nc3 d5 4.Bg5 Ne4 5.Bh4 c5 6.e3 Qa5 7.Qb3 Nc6 8.Nf3 cxd4
9.exd4 e5 10.cxd5 exd4 11.Bc4 dxc3 12.O-O Bg7 13.dxc6 O-O 14.cxb7 Bxb7 15.
Qxb7 cxb2 16.Rab1 Nd6 17.Qd5 Nxc4 18.Qxc4 Rfc8 19.Qd3 Qxa2 20.Bg3 Rc5 21.
Bf4 a5 22.Rbd1 a4 23.Nd2 Rd5 24.Qc2 a3 25.Nb3 Rxd1 26.Rxd1 Qxb3 27.Qxb3 a2
28.g3 a1=Q 29.Kg2 h5 30.Be3 Qxd1 0-1

[Event "42nd Bosna it"]
[Site "Sarajevo YUG"]
[Date "2012.05.07"]
[Round "4.7"]
[White "Cvitan, Ognjen"]
[Black "Arsovic, Zoran"]
[Result "1-0"]
[WhiteElo "2541"]
[BlackElo "2455"]
[EventDate "2012.05.05"]
[PlyCount "117"]

1.d4 Nf6 2.c4 g6 3.Nc3 Bg7 4.e4 d6 5.Nf3 O-O 6.Be2 Nbd7 7.O-O e5 8.Be3 Re8
9.dxe5 dxe5 10.h3 c6 11.a3 Qe7 12.b4 Nh5 13.Re1 Nf4 14.Bf1 Rd8 15.Qb3 Qf6 
16.Bxf4 Qxf4 17.Rad1 Re8 18.c5 Nf8 19.Bc4 Ne6 20.Rd6 Bf8 21.Rd3 Qf6 22.
Rdd1 Bh6 23.Ne2 a5 24.Qc3 axb4 25.axb4 Bg7 26.Bb3 h6 27.Rd6 Kh7 28.Nd2 Qe7
29.Nc4 Nc7 30.Nb6 Nb5 31.Qd2 Be6 32.Rxe6 fxe6 33.Nxa8 Rxa8 34.Rd1 Ra3 35.
Qb2 Ra8 36.Qd2 Ra3 37.Bc4 Nd4 38.Nxd4 exd4 39.e5 Bxe5 40.Re1 Qf6 41.Qe2 
Rc3 42.Bd3 Kg7 43.g3 Rb3 44.Kg2 Bb8 45.h4 Qe5 46.Qxe5+ Bxe5 47.Rxe5 Rxd3 
48.Rxe6 Rb3 49.Re7+ Kf6 50.Rxb7 Ke5 51.Rd7 Ke4 52.Rd6 d3 53.Re6+ Kd4 54.
Kf3 Kc3 55.Rxc6 d2 56.Rd6 Rxb4 57.Ke3 Rc4 58.Rxd2 Kb4 59.Rd4 1-0

[Event "42nd Bosna it"]
[Site "Sarajevo YUG"]
[Date "2012.05.07"]
[Round "4.8"]
[White "Brkic, Ante"]
[Black "Nikolova, Adriana"]
[Result "0-1"]
[WhiteElo "2569"]
[BlackElo "2345"]
[EventDate "2012.05.05"]
[PlyCount "90"]

1.e4 c5 2.Nf3 d6 3.d4 cxd4 4.Qxd4 Nc6 5.Bb5 Bd7 6.Bxc6 Bxc6 7.Nc3 Nf6 8.
Bg5 e6 9.Qd3 Be7 10.Nd4 O-O 11.f4 Qa5 12.O-O-O Rfd8 13.h4 Rac8 14.Kb1 Rd7 
15.f5 e5 16.Bxf6 Bxf6 17.Nb3 Qc7 18.g4 b5 19.g5 Be7 20.Rh2 d5 21.Nxd5 Bxd5
22.exd5 e4 23.Qh3 Rcd8 24.Rhd2 Qe5 25.Qc3 Qxc3 26.bxc3 f6 27.Na5 e3 28.Rd3
Bc5 29.gxf6 gxf6 30.Nb3 Bb6 31.Nc1 Re8 32.Ne2 Re5 33.Ng3 Kf7 34.Ne2 Rxf5 
35.Kb2 Rh5 36.a4 bxa4 37.Nf4 Rxh4 38.Ne6 Re4 39.Re1 Rxd5 40.Rxd5 Kxe6 41.
Rh5 f5 42.Rh6+ Kd5 43.Rxh7 f4 44.Rd1+ Kc6 45.Rh6+ Kb7 0-1

[Event "42nd Bosna it"]
[Site "Sarajevo YUG"]
[Date "2012.05.07"]
[Round "4.9"]
[White "Antipov, Mikhail"]
[Black "Jankovic, Alojzije"]
[Result "1-0"]
[WhiteElo "2433"]
[BlackElo "2564"]
[EventDate "2012.05.05"]
[PlyCount "59"]

1.e4 c5 2.Nf3 d6 3.d4 cxd4 4.Nxd4 Nf6 5.Nc3 Nc6 6.Bc4 Qb6 7.Nb3 e6 8.Bf4 
Ne5 9.Be2 Be7 10.Be3 Qc7 11.f4 Nc4 12.Nb5 Qc6 13.Bxc4 Qxc4 14.Qd3 Qc6 15.
N3d4 Qd7 16.Nc3 a6 17.a4 b6 18.O-O Bb7 19.f5 e5 20.Nf3 Qc6 21.Nd2 Rc8 22.
Bg5 d5 23.Bxf6 dxe4 24.Ndxe4 gxf6 25.Rad1 Bc5+ 26.Kh1 Bd4 27.Nd5 Kd8 28.
Ndxf6 Qxc2 29.Qg3 Qxb2 30.Qxe5 1-0

[Event "42nd Bosna it"]
[Site "Sarajevo YUG"]
[Date "2012.05.07"]
[Round "4.10"]
[White "Kurajica, Bojan"]
[Black "Smith, Bryan Garrett"]
[Result "1-0"]
[WhiteElo "2556"]
[BlackElo "2444"]
[EventDate "2012.05.05"]
[PlyCount "93"]

1.Nf3 g6 2.d4 Bg7 3.e4 c5 4.dxc5 Qa5+ 5.c3 Qxc5 6.Na3 Nf6 7.e5 Ng4 8.Qd4 
Qxd4 9.cxd4 O-O 10.h3 Nh6 11.Bg5 f6 12.exf6 exf6 13.Bc4+ Kh8 14.Bf4 d5 15.
Bxd5 Rd8 16.Bb3 Nc6 17.Nb5 Bf5 18.Nd6 g5 19.Bh2 Bf8 20.Nxb7 Nxd4 21.Nxd4 
Rxd4 22.O-O Be4 23.Na5 Nf5 24.Rac1 h5 25.Nc6 Rd2 26.Rfe1 Bd5 27.Bxd5 Rxd5 
28.Kf1 Rc8 29.b4 a5 30.bxa5 Rc5 31.Rxc5 Bxc5 32.g4 hxg4 33.hxg4 Nh6 34.Ne7
Ra8 35.Bc7 Nxg4 36.Bb6 Bd6 37.Re6 Be5 38.f3 Nh6 39.Ng6+ Kg7 40.Nxe5 fxe5 
41.Rxe5 Kf6 42.Bd4 Kg6 43.Re6+ Kh5 44.a6 Nf5 45.Bf2 g4 46.fxg4+ Kxg4 47.
Ke2 1-0

[Event "42nd Bosna it"]
[Site "Sarajevo YUG"]
[Date "2012.05.07"]
[Round "4.12"]
[White "Dizdarevic, Emir"]
[Black "Savic, Miodrag"]
[Result "1/2-1/2"]
[WhiteElo "2462"]
[BlackElo "2515"]
[EventDate "2012.05.05"]
[PlyCount "22"]

1.Nf3 Nf6 2.c4 e6 3.g3 b6 4.Bg2 Bb7 5.O-O Be7 6.d4 O-O 7.Nc3 Ne4 8.Nxe4 
Bxe4 9.Ne5 Bxg2 10.Kxg2 d6 11.Nf3 Nd7 1/2-1/2

[Event "42nd Bosna it"]
[Site "Sarajevo YUG"]
[Date "2012.05.07"]
[Round "4.13"]
[White "Tomic, Bosko"]
[Black "Pancevski, Filip"]
[Result "1-0"]
[WhiteElo "2418"]
[BlackElo "2473"]
[EventDate "2012.05.05"]
[PlyCount "91"]

1.c4 g6 2.g3 Bg7 3.Bg2 e5 4.Nc3 Nc6 5.e3 d6 6.Nge2 Be6 7.d4 exd4 8.Nxd4 
Bd7 9.O-O Nge7 10.Nde2 O-O 11.b3 Rb8 12.Bb2 a6 13.Qd2 b5 14.cxb5 axb5 15.
Ne4 f6 16.Rac1 Rb6 17.Nf4 b4 18.Nd5 Nxd5 19.Qxd5+ Kh8 20.Rfd1 Ne7 21.Qc4 
Bc6 22.Bd4 Rb8 23.Ba1 Rb6 24.Bd4 Rb8 25.Qc2 Ra8 26.Qb2 Bxe4 27.Bxe4 Ra5 
28.Qd2 Qb8 29.a4 f5 30.Bc6 Be5 31.Rc4 Nxc6 32.Rxc6 Qb7 33.Rdc1 Rf7 34.Qd3 
Bxd4 35.Qxd4+ Kg8 36.Qc4 Ra7 37.Qd5 Qb8 38.Qe6 Kg7 39.h4 h5 40.Qd5 Qb7 41.
R1c4 Re7 42.e4 Re5 43.Qd4 fxe4 44.R4c5 Kf7 45.Rxc7+ Qxc7 46.Qc4+ 1-0

[Event "42nd Bosna it"]
[Site "Sarajevo YUG"]
[Date "2012.05.07"]
[Round "4.14"]
[White "Batricevic, Sasa"]
[Black "Bogut, Zeljko"]
[Result "0-1"]
[WhiteElo "2224"]
[BlackElo "2426"]
[EventDate "2012.05.05"]
[PlyCount "72"]

1.e4 d6 2.Nc3 Nf6 3.f4 g6 4.Nf3 Bg7 5.Be2 O-O 6.O-O c5 7.d3 Bg4 8.f5 Nc6 
9.Qe1 Nd4 10.Nxd4 cxd4 11.Nd1 Qc7 12.c4 dxc3 13.bxc3 Bxe2 14.Qxe2 Nd7 15.
d4 e6 16.Bd2 exf5 17.exf5 Rfe8 18.Qf3 Nf6 19.Bf4 Ne4 20.fxg6 hxg6 21.Rc1 
Rac8 22.Be3 d5 23.Bf4 Qd7 24.Qd3 Qa4 25.Ne3 Qxa2 26.Rc2 Qb3 27.Rfc1 b5 28.
Ng4 b4 29.Be5 Rxc3 30.Rxc3 bxc3 31.Qh3 Qb2 32.Rf1 Qd2 33.Bxg7 Kxg7 34.
Rxf7+ Kxf7 35.Qh7+ Ke6 36.Qxg6+ Ke7 0-1

[Event "42nd Bosna it"]
[Site "Sarajevo YUG"]
[Date "2012.05.07"]
[Round "4.15"]
[White "Predojevic, Borki"]
[Black "Bistric, Faruk"]
[Result "1-0"]
[WhiteElo "2637"]
[BlackElo "2383"]
[EventDate "2012.05.05"]
[PlyCount "37"]

1.e4 e6 2.d4 d5 3.Nc3 h6 4.Nf3 Nf6 5.Bd3 Bb4 6.exd5 exd5 7.O-O O-O 8.Ne5 
Nc6 9.Nxc6 bxc6 10.Bf4 Re8 11.Re1 Rxe1+ 12.Qxe1 Rb8 13.Qe3 Be6 14.Na4 Bd6 
15.h3 Nh5 16.Be5 Qh4 17.Nc5 Nf4 18.g3 Nxh3+ 19.Kg2 1-0

[Event "42nd Bosna it"]
[Site "Sarajevo YUG"]
[Date "2012.05.07"]
[Round "4.16"]
[White "Beliavsky, Alexander"]
[Black "Mestrovic, Zvonimir"]
[Result "1-0"]
[WhiteElo "2613"]
[BlackElo "2357"]
[EventDate "2012.05.05"]
[PlyCount "71"]

1.d4 Nc6 2.e4 d6 3.Nc3 Nf6 4.Nf3 Bg4 5.Be3 e6 6.h3 Bh5 7.Be2 Be7 8.d5 exd5
9.exd5 Bxf3 10.Bxf3 Ne5 11.Be2 O-O 12.O-O Re8 13.a4 Bf8 14.a5 a6 15.Ra4 g6
16.Rb4 Qc8 17.Qd2 Bg7 18.Bh6 Bh8 19.Bg5 Ned7 20.Qf4 Re5 21.Bf3 Rb8 22.Qh4 
Qf8 23.Be3 Re7 24.Ba7 Rbe8 25.Rxb7 Re1 26.Be3 Rxf1+ 27.Kxf1 Ne5 28.Be2 c6 
29.dxc6 Nxc6 30.Qa4 Ne7 31.Bxa6 Nf5 32.Bd2 d5 33.Bb5 Re6 34.a6 Ne4 35.Nxe4
Rxe4 36.Qa3 1-0

[Event "42nd Bosna it"]
[Site "Sarajevo YUG"]
[Date "2012.05.07"]
[Round "4.17"]
[White "Rasidovic, Sead"]
[Black "Nestorovic, Dejan"]
[Result "1-0"]
[WhiteElo "2359"]
[BlackElo "2390"]
[EventDate "2012.05.05"]
[PlyCount "79"]

1.f4 d5 2.e3 Nc6 3.Nf3 Bg4 4.Bb5 e6 5.Bxc6+ bxc6 6.O-O Bd6 7.h3 Bh5 8.d3 
Ne7 9.Nc3 f6 10.Qe1 O-O 11.g4 Bf7 12.b3 c5 13.e4 Ng6 14.Ne2 c4 15.Be3 cxd3
16.cxd3 dxe4 17.dxe4 e5 18.f5 Nf4 19.Kh2 Qe7 20.Qd2 Rfd8 21.Qc2 Nd5 22.Bd2
c5 23.g5 Nb4 24.Qb1 Kh8 25.Rg1 Bh5 26.Qf1 Nc2 27.Ng3 Bxf3 28.Qxf3 Nxa1 29.
Qh5 Qe8 30.g6 Qg8 31.Rxa1 Bf8 32.Be3 Rd3 33.Qe2 c4 34.Rc1 Rd7 35.Rxc4 Rad8
36.Nh1 h6 37.Nf2 Be7 38.Qh5 Qe8 39.Bxh6 Kg8 40.Bxg7 1-0

[Event "42nd Bosna it"]
[Site "Sarajevo YUG"]
[Date "2012.05.07"]
[Round "4.18"]
[White "Bejtovic, Jasmin"]
[Black "Nestorovic, Lazar"]
[Result "1/2-1/2"]
[WhiteElo "2391"]
[BlackElo "2365"]
[EventDate "2012.05.05"]
[PlyCount "151"]

1.c4 Nf6 2.g3 g6 3.Bg2 Bg7 4.Nc3 O-O 5.e4 d6 6.Nge2 c6 7.O-O a6 8.d3 b5 9.
a3 Nbd7 10.h3 Rb8 11.Rb1 bxc4 12.dxc4 a5 13.Be3 Ba6 14.b3 Qc7 15.f4 Nc5 
16.e5 Nfd7 17.b4 axb4 18.axb4 Ne6 19.b5 cxb5 20.cxb5 Bb7 21.exd6 exd6 22.
Bxb7 Rxb7 23.Nd5 Qb8 24.b6 Nec5 25.f5 Re8 26.fxg6 hxg6 27.Bd4 Ne5 28.Nec3 
Qc8 29.Kh2 Ne6 30.Ne4 Nxd4 31.Nef6+ Bxf6 32.Nxf6+ Kf8 33.Qxd4 Re6 34.Rb2 
Qc4 35.Qxc4 Nxc4 36.Rb4 Ne3 37.Rf3 Kg7 38.Rb3 Nc4 39.Rf4 Nd2 40.Rd3 Re2+ 
41.Kg1 Rxb6 42.Rf2 Rxf2 43.Kxf2 Kxf6 44.Rxd2 Ke6 45.Re2+ Kd7 46.Rd2 Rb5 
47.Kf3 d5 48.Ra2 Ke6 49.Ra7 Rb3+ 50.Kf4 d4 51.h4 Rb6 52.Ke4 Rd6 53.Kd3 Kf6
54.g4 Ke6 55.h5 Kf6 56.Ra5 Kg7 57.hxg6 Kxg6 58.Rf5 Rd7 59.Ra5 Kf6 60.Rf5+ 
Kg6 61.Ra5 Rd8 62.Rb5 Kg7 63.Rf5 Rd6 64.Rb5 Kg6 65.Ra5 Rb6 66.Kxd4 Rb4+ 
67.Ke3 Rxg4 68.Kf3 Rb4 69.Ra3 Kg5 70.Rc3 f5 71.Ra3 Rb1 72.Ra4 Rf1+ 73.Kg2 
Rc1 74.Kf3 Rc3+ 75.Kg2 Kf6 76.Rb4 1/2-1/2

[Event "42nd Bosna it"]
[Site "Sarajevo YUG"]
[Date "2012.05.07"]
[Round "4.19"]
[White "Kamberovic, Senad"]
[Black "Ivanov, Stojan"]
[Result "1/2-1/2"]
[WhiteElo "2280"]
[BlackElo "2263"]
[EventDate "2012.05.05"]
[PlyCount "110"]

1.d4 Nf6 2.Nf3 d5 3.Bf4 c5 4.e3 Nc6 5.c3 Nh5 6.Bg3 Nxg3 7.hxg3 Qb6 8.b3 e5
9.Nxe5 Nxe5 10.dxe5 Be6 11.Be2 O-O-O 12.Bg4 d4 13.Bxe6+ Qxe6 14.cxd4 cxd4 
15.O-O Qxe5 16.exd4 Qxd4 17.Nc3 Qxd1 18.Raxd1 Rxd1 19.Rxd1 Bc5 20.Ne4 Be7 
21.g4 Rd8 22.Rxd8+ Kxd8 23.Kf1 Kd7 24.Ke2 Ke6 25.f3 g6 26.Ke3 f5 27.gxf5+ 
gxf5 28.Nc3 Ke5 29.Kd3 Bc5 30.Kc4 Bf2 31.Ne2 a6 32.a4 Be3 33.Kd3 Bf2 34.
Kc4 Be3 35.b4 Bf2 36.b5 axb5+ 37.Kxb5 Be3 38.a5 h5 39.a6 bxa6+ 40.Kxa6 Kf6
41.Kb5 Kg5 42.Kc4 Bb6 43.Kd5 Ba7 44.Ke5 Bb8+ 45.Ke6 h4 46.Nd4 h3 47.gxh3 
Kh4 48.Nc6 Kxh3 49.Kxf5 Kg3 50.Ke4 Bc7 51.Ne7 Kf2 52.Nd5 Bb8 53.Nf4 Bc7 
54.Nd3+ Kg2 55.f4 Bxf4 1/2-1/2

[Event "42nd Bosna it"]
[Site "Sarajevo YUG"]
[Date "2012.05.07"]
[Round "4.20"]
[White "Sutkovic, Damir"]
[Black "Kharmunova, Nadezhda"]
[Result "1/2-1/2"]
[WhiteElo "2357"]
[BlackElo "2227"]
[EventDate "2012.05.05"]
[PlyCount "98"]

1.d4 d5 2.c4 e6 3.Nc3 Be7 4.cxd5 exd5 5.Qc2 Nf6 6.Bg5 O-O 7.e3 Nbd7 8.Bd3 
Re8 9.Nge2 c5 10.O-O b6 11.Rad1 Bb7 12.dxc5 bxc5 13.Bb5 Rf8 14.Nf4 h6 15.
Nfxd5 hxg5 16.Nxf6+ Bxf6 17.Rxd7 Qb6 18.Qb3 Rab8 19.Bc4 Qc6 20.Bxf7+ Kh8 
21.Qd5 Qxd5 22.Bxd5 Bxd5 23.Nxd5 Rxb2 24.Rxa7 Rc8 25.Nxf6 gxf6 26.Rc1 c4 
27.Kf1 c3 28.g4 Kg8 29.h3 Kf8 30.e4 Rc4 31.Ra3 Rxe4 32.Rcxc3 Kf7 33.Rf3 
Re6 34.Kg2 Kg6 35.Rf5 Rd6 36.Ra8 Rc6 37.a4 Ra2 38.a5 Rd6 39.Rg8+ Kh7 40.
Rb8 Kg6 41.Rbb5 Re6 42.Kg3 Ra3+ 43.Kg2 Ra2 44.Rbc5 Rd6 45.Rcd5 Rc6 46.Rc5 
Rd6 47.Rfd5 Re6 48.Rb5 Ree2 49.Rf5 Re6 1/2-1/2

[Event "42nd Bosna it"]
[Site "Sarajevo YUG"]
[Date "2012.05.08"]
[Round "5.1"]
[White "Melkumian, Hrant"]
[Black "Kozul, Zdenko"]
[Result "1-0"]
[WhiteElo "2642"]
[BlackElo "2593"]
[EventDate "2012.05.05"]
[PlyCount "91"]

1.d4 Nf6 2.c4 g6 3.Nf3 Bg7 4.g3 c6 5.Bg2 d5 6.O-O O-O 7.Qb3 Qb6 8.Nc3 Rd8 
9.Rd1 Qxb3 10.axb3 Bf5 11.Ne1 h6 12.f3 g5 13.e4 Be6 14.e5 Ne8 15.cxd5 Bxd5
16.Nxd5 cxd5 17.f4 gxf4 18.gxf4 e6 19.Nd3 Nc6 20.Be3 Bf8 21.Bh3 Ng7 22.Kf2
Kh7 23.Rdc1 Be7 24.Ke2 Rg8 25.Nc5 Bxc5 26.Rxc5 a6 27.b4 Rgd8 28.b5 axb5 
29.Rxa8 Rxa8 30.Rxb5 Ra7 31.f5 Nxf5 32.Bxf5+ exf5 33.Rxd5 Ra4 34.Rd7 Rb4 
35.e6 Rxb2+ 36.Kf3 Rxh2 37.e7 Nxe7 38.Rxe7 Kg6 39.Rxb7 Rh3+ 40.Kf4 Rh1 41.
Rb6+ f6 42.Rb2 Rh4+ 43.Kg3 Re4 44.Kf3 h5 45.d5 h4 46.d6 1-0

[Event "42nd Bosna it"]
[Site "Sarajevo YUG"]
[Date "2012.05.08"]
[Round "5.2"]
[White "Nabaty, Tamir"]
[Black "Postny, Evgeny"]
[Result "1/2-1/2"]
[WhiteElo "2553"]
[BlackElo "2651"]
[EventDate "2012.05.05"]
[PlyCount "127"]

1.Nf3 d5 2.c4 c6 3.e3 Nf6 4.Nc3 a6 5.Qc2 g6 6.d4 Bg7 7.Bd3 Bg4 8.Ne5 Be6 
9.c5 Nbd7 10.Nxd7 Qxd7 11.Na4 Rb8 12.Nb6 Qd8 13.b4 Nd7 14.Nxd7 Bxd7 15.Bb2
Qc7 16.f4 a5 17.bxa5 Qxa5+ 18.Bc3 Qc7 19.O-O O-O 20.a4 f6 21.e4 dxe4 22.
Qb3+ Kh8 23.Bxe4 Qc8 24.Bd3 Be6 25.Bc4 Bxc4 26.Qxc4 Qd7 27.Rfe1 f5 28.Rad1
Rbd8 29.g3 Bf6 30.Rd2 Qd5 31.Qxd5 Rxd5 32.Rb1 Ra8 33.a5 Ra7 34.Kf2 Kg8 35.
Ke3 Kf7 36.Kd3 Ke8 37.Rdb2 Rd7 38.Kc4 Kd8 39.h3 h5 40.Rg2 Rd5 41.Rbg1 Kc7 
42.g4 hxg4 43.hxg4 fxg4 44.Rxg4 Rf5 45.Rxg6 Rxf4 46.Rg8 Rh4 47.Rf8 Kd7 48.
Rgg8 Rh1 49.Rd8+ Ke6 50.Rg2 Rc1 51.Re2+ Kf7 52.Re1 Rxe1 53.Bxe1 e5 54.Rd7+
Ke8 55.Rd6 Be7 56.Re6 Kd7 57.Rxe5 Bd8 58.d5 Bxa5 59.Bxa5 Rxa5 60.d6 Rb5 
61.Re7+ Kd8 62.Kd4 b6 63.cxb6 Rxb6 64.Kc5 1/2-1/2

[Event "42nd Bosna it"]
[Site "Sarajevo YUG"]
[Date "2012.05.08"]
[Round "5.3"]
[White "Erdos, Viktor"]
[Black "Kovacevic, Aleksandar"]
[Result "1-0"]
[WhiteElo "2624"]
[BlackElo "2557"]
[EventDate "2012.05.05"]
[PlyCount "77"]

1.d4 Nf6 2.c4 e6 3.g3 c5 4.d5 d6 5.Nc3 exd5 6.cxd5 g6 7.Bg2 Bg7 8.Nf3 O-O 
9.O-O Re8 10.Bf4 Nh5 11.Bg5 Qd7 12.Qb3 h6 13.Bd2 Na6 14.Rfe1 Nc7 15.a4 Rb8
16.Qc2 a6 17.a5 b5 18.axb6 Rxb6 19.e4 Qd8 20.Rad1 Bg4 21.h3 Bxf3 22.Bxf3 
Nf6 23.Na4 Rb8 24.Ba5 Qd7 25.e5 Rxe5 26.Rxe5 dxe5 27.Nxc5 Qc8 28.Bxc7 Qxc7
29.d6 Qb6 30.d7 e4 31.Nxe4 Nxe4 32.Qc8+ Kh7 33.Bxe4 Bf6 34.Qe8 Qb3 35.Rd5 
Kg7 36.d8=Q Bxd8 37.Rxd8 Rxd8 38.Qxd8 Qxb2 39.Qa5 1-0

[Event "42nd Bosna it"]
[Site "Sarajevo YUG"]
[Date "2012.05.08"]
[Round "5.4"]
[White "Cvitan, Ognjen"]
[Black "Ipatov, Alexander"]
[Result "1/2-1/2"]
[WhiteElo "2541"]
[BlackElo "2561"]
[EventDate "2012.05.05"]
[PlyCount "22"]

1.d4 d5 2.c4 e6 3.Nc3 Be7 4.Nf3 Nf6 5.Bg5 h6 6.Bxf6 Bxf6 7.e3 O-O 8.Rc1 c6
9.Bd3 Nd7 10.O-O dxc4 11.Bxc4 e5 1/2-1/2

[Event "42nd Bosna it"]
[Site "Sarajevo YUG"]
[Date "2012.05.08"]
[Round "5.5"]
[White "Palac, Mladen"]
[Black "Tomic, Bosko"]
[Result "1-0"]
[WhiteElo "2604"]
[BlackElo "2418"]
[EventDate "2012.05.05"]
[PlyCount "69"]

1.e4 c5 2.Nf3 Nc6 3.Bb5 d6 4.Bxc6+ bxc6 5.O-O e5 6.c3 Nf6 7.Re1 Bg4 8.h3 
Bh5 9.d4 cxd4 10.cxd4 Nd7 11.Be3 Be7 12.Nbd2 O-O 13.Qc2 Qc7 14.Rac1 Rfc8 
15.Qd3 Qb7 16.dxe5 dxe5 17.Rc3 Rab8 18.Rec1 Bb4 19.Rb3 Qc7 20.Qa6 c5 21.
Nc4 Bxf3 22.gxf3 Nb6 23.a3 Nxc4 24.Qxc4 Ba5 25.Rxb8 Qxb8 26.b4 Bd8 27.bxc5
Rc6 28.Qd5 Qc8 29.Kh2 g5 30.Rd1 Bf6 31.Rg1 h6 32.h4 Kg7 33.hxg5 hxg5 34.
Bxg5 Qh8+ 35.Bh6+ 1-0

[Event "42nd Bosna it"]
[Site "Sarajevo YUG"]
[Date "2012.05.08"]
[Round "5.6"]
[White "Banusz, Tamas"]
[Black "Antipov, Mikhail"]
[Result "0-1"]
[WhiteElo "2582"]
[BlackElo "2433"]
[EventDate "2012.05.05"]
[PlyCount "80"]

1.d4 Nf6 2.c4 e6 3.Nf3 c5 4.Nc3 cxd4 5.Nxd4 d5 6.cxd5 Nxd5 7.Ndb5 Bd7 8.e4
Nxc3 9.Nxc3 Be7 10.Be2 Bc6 11.O-O O-O 12.Qc2 Bc5 13.Bf4 Qf6 14.Bg3 Nd7 15.
Rfd1 Bd4 16.Bb5 e5 17.Qe2 Rfd8 18.Bxc6 bxc6 19.Na4 Nb6 20.Nc3 g6 21.Rd2 h5
22.h3 h4 23.Bh2 Bxc3 24.bxc3 Rxd2 25.Qxd2 Nc4 26.Qe2 Qe6 27.f4 exf4 28.
Bxf4 Re8 29.Re1 f6 30.Bh2 Re7 31.Kh1 Kg7 32.Bg1 Nd6 33.e5 fxe5 34.Bd4 Nf7 
35.Qf2 a6 36.Qxh4 Rd7 37.Qe4 Rd5 38.c4 Ra5 39.Qc2 Qf5 40.Qc3 exd4 0-1

[Event "42nd Bosna it"]
[Site "Sarajevo YUG"]
[Date "2012.05.08"]
[Round "5.7"]
[White "Djukic, Nikola"]
[Black "Kurajica, Bojan"]
[Result "1/2-1/2"]
[WhiteElo "2515"]
[BlackElo "2556"]
[EventDate "2012.05.05"]
[PlyCount "123"]

1.e4 c5 2.Nf3 Nc6 3.d4 cxd4 4.Nxd4 Qb6 5.Nb3 Nf6 6.Nc3 e6 7.Bd3 d6 8.Qe2 
Be7 9.f4 Qc7 10.Be3 O-O 11.g4 Nb4 12.g5 Nd7 13.O-O Re8 14.a3 Nxd3 15.cxd3 
b6 16.Nb5 Qd8 17.N3d4 Bb7 18.Rac1 Nc5 19.b4 Qd7 20.Nc3 Na6 21.Qg4 Nc7 22.
Rf3 f5 23.gxf6 Bxf6 24.Nce2 Rad8 25.Ng3 Bxd4 26.Bxd4 e5 27.Qxd7 Rxd7 28.
Bb2 Ne6 29.Nh5 exf4 30.Nxf4 Rf7 31.Rcf1 Nxf4 32.Rxf4 Rxf4 33.Rxf4 Ba6 34.
Rg4 Re7 35.Rg3 Rc7 36.h4 g6 37.h5 Rc2 38.Bd4 Kf7 39.Rf3+ Ke6 40.hxg6 hxg6 
41.Rf6+ Ke7 42.Rxg6 Bxd3 43.Rg7+ Ke6 44.Rg6+ Kd7 45.Rg7+ Kc6 46.Rxa7 Rc4 
47.Be3 Rxe4 48.Kf2 d5 49.Kf3 Bc2 50.Ra8 Bd1+ 51.Kf2 d4 52.Bg5 Bb3 53.Rd8 
b5 54.Rc8+ Kd6 55.Rc5 Ba4 56.Kf3 Re1 57.Bf4+ Ke6 58.Rc6+ Ke7 59.Rc7+ Kd8 
60.Rc5 Rd1 61.Rc1 Rxc1 62.Bxc1 1/2-1/2

[Event "42nd Bosna it"]
[Site "Sarajevo YUG"]
[Date "2012.05.08"]
[Round "5.8"]
[White "Nikolova, Adriana"]
[Black "Yilmaz, Mustafa"]
[Result "0-1"]
[WhiteElo "2345"]
[BlackElo "2536"]
[EventDate "2012.05.05"]
[PlyCount "116"]

1.e4 g6 2.d4 Bg7 3.Nc3 d6 4.Be3 a6 5.a4 Nf6 6.h3 O-O 7.g4 c5 8.d5 Nbd7 9.
Nge2 Rb8 10.Ng3 Ne8 11.Be2 Nc7 12.Qd2 b5 13.Bh6 Ne5 14.Bxg7 Kxg7 15.f4 Nc4
16.Bxc4 bxc4 17.Nd1 e6 18.O-O Qh4 19.Ra3 exd5 20.exd5 Kg8 21.Ne4 Ne8 22.
Qg2 f5 23.Ng5 fxg4 24.hxg4 Bxg4 25.Ne3 Bd7 26.f5 Ng7 27.f6 Nh5 28.f7+ Kh8 
29.Ne6 Bxe6 30.dxe6 Qe7 31.Qg4 Ng7 32.Nxc4 Qxe6 33.Qxe6 Nxe6 34.Nxd6 Rbd8 
35.Nc4 Kg7 36.Re3 Nd4 37.c3 Nf5 38.Re5 Rxf7 39.Rxc5 Re7 40.b4 Rd3 41.Ne5 
Re3 42.Nc6 R7e4 43.Nd4 Rg4+ 44.Kh2 Rh4+ 45.Kg2 Rg3+ 46.Kf2 Rh2+ 47.Ke1 
Nxd4 48.Rc7+ Kh6 49.cxd4 Rb3 50.Rc1 Rxb4 51.Rd1 Rxa4 52.Rg1 Raa2 53.Rb1 
Rae2+ 54.Kd1 Rd2+ 55.Kc1 Rxd4 56.Ra1 Rc4+ 57.Kd1 Rb4 58.Kc1 Rbh4 0-1